A pedological study of clayey soils of Savane Diane, Central Plateau, Haiti /

Bibliographic Details
Main Author: David, Pierre
Format: Thesis Microform Book
Language:English
Published: [Place of publication not identified] : [publisher not identified] ; 1984.
Subjects:

MARC

Tag First Indicator Second Indicator Subfields
LEADER 00000cam a2200000 a 4500
001 in00000014468
005 20151007052224.0
007 he amb|||||||
008 880502r19851984miuab bb 00010 eng d
035 |a (OCoLC)17881367 
035 |9 AAA6837AM 
040 |a TXA  |c TXA  |d UtOrBLW 
043 |a nwht--- 
049 |a TXAI 
099 |a fiche  |a C  |a 9579 
100 1 |a David, Pierre. 
245 1 2 |a A pedological study of clayey soils of Savane Diane, Central Plateau, Haiti /  |c by Pierre David. 
264 1 |a [Place of publication not identified] :  |b [publisher not identified] ;  |c 1984. 
300 |a xi, 169 leaves :  |b illustrations, maps. 
336 |a text  |b txt  |2 rdacontent 
337 |a microform  |b h  |2 rdamedia 
338 |a microfiche  |b he  |2 rdacarrier 
502 |b Ph. D.  |c Rutgers University  |d 1984. 
500 |a Vita. 
504 |a Bibliography: leaves 163-168. 
533 |a Microfiche.  |b Ann Arbor, Mich. :  |c University Microfilms International,  |d 1985.  |e 2 microfiches ; 11 x 15 cm. 
500 |a Microform. 
650 0 |a Clay soils. 
650 0 |a Soils  |z Haiti. 
650 0 |a Soils  |x Analysis. 
999 |a MARS 
999 f f |s d82ae251-7ed8-39b0-8f43-17a1bc55666f  |i 35419933-2d21-390a-8c80-fcbcbb8d7709  |t 0 
952 f f |p normal  |a Texas A&M University  |b College Station  |c Sterling C. Evans Library  |d Evans: Microforms (3rd floor)  |t 0  |e fiche C 9579  |h Other scheme  |i microform -- microfiche  |m A14823245731 
998 f f |a fiche C 9579  |t 0  |l Evans: Microforms (3rd floor)